An English Garner : (Record no. 239744)
[ view plain ]
| 000 -LEADER | |
|---|---|
| fixed length control field | 01776cam a22002773a 4500 |
| 001 - CONTROL NUMBER | |
| control field | 10489 |
| 003 - CONTROL NUMBER IDENTIFIER | |
| control field | PGUSA |
| 005 - DATE AND TIME OF LATEST TRANSACTION | |
| control field | 20140828083225.0 |
| 008 - FIXED-LENGTH DATA ELEMENTS--GENERAL INFORMATION | |
| fixed length control field | 031201s2003||||xxu|||||s|||||000 e eng d |
| 040 ## - CATALOGING SOURCE | |
| Original cataloging agency | PGUSA |
| Language of cataloging | eng |
| 042 ## - AUTHENTICATION CODE | |
| Authentication code | dc |
| 050 #4 - LIBRARY OF CONGRESS CALL NUMBER | |
| Classification number | PR |
| 245 13 - TITLE STATEMENT | |
| Title | An English Garner : |
| Remainder of title | Critical Essays and Literary Fragments |
| Medium | [electronic resource] |
| 260 ## - PUBLICATION, DISTRIBUTION, ETC. (IMPRINT) | |
| Name of publisher, distributor, etc | Project Gutenberg, |
| Date of publication, distribution, etc | 2003 |
| 505 0# - FORMATTED CONTENTS NOTE | |
| Formatted contents note | I. Extract from Thomas Wilson's Art of rhetoric, 1554 -- II. Sir Philip Sidney's Letter to his brother Robert, 1580 -- III. Extract from Francis Meres's Palladis Tamia, 1598 -- IV. Dryden's Dedicatory epistle to The rival ladies, 1664 -- V. Sir Robert Howard's Preface to Four new plays, 1665 -- VI. Dryden's Essay of dramatic poesy, 1668 -- VII. Extract from Thomas Ellwood's History of himself, describing his relations with Milton, 1713 -- VIII. Bishop Copleston's advice to a young reviewer, 1807 -- IX. The Bickerstaff and Partridge tracts, 1708 -- X. Gay's Present state of wit, 1711 -- XI. Tickell's Life of Addison, 1721 -- XII. Steele's Dedicatory epistle to Congreve, 1722 -- XIII. Extract from Chamberlayne's Angliae notitia, 1669 -- XIV. Eachard's Grounds and occasions of the contempt of the clergy and religion, 1670 -- XV. Bickerstaff's Miseries of the domestic chaplain, 1710 -- XVI. Franklin's Poor Richard improved, 1757. |
| 506 ## - RESTRICTIONS ON ACCESS NOTE | |
| Terms governing access | Public domain in the USA. |
| 516 ## - TYPE OF COMPUTER FILE OR DATA NOTE | |
| Type of computer file or data note | Electronic text |
| 653 ## - INDEX TERM--UNCONTROLLED | |
| Uncontrolled term | English literature -- History and criticism |
| 700 1# - ADDED ENTRY--PERSONAL NAME | |
| Personal name | Collins, John Churton, |
| Dates associated with a name | 1848-1908 |
| 700 1# - ADDED ENTRY--PERSONAL NAME | |
| Personal name | Arber, Edward, |
| Dates associated with a name | 1836-1912 |
| 700 1# - ADDED ENTRY--PERSONAL NAME | |
| Personal name | Seccombe, Thomas, |
| Dates associated with a name | 1866-1923 |
| 740 0# - ADDED ENTRY--UNCONTROLLED RELATED/ANALYTICAL TITLE | |
| Uncontrolled related/analytical title | Critical Essays and Literary Fragments |
| 830 #0 - SERIES ADDED ENTRY--UNIFORM TITLE | |
| Uniform title | Project Gutenberg |
| Volume number/sequential designation | 10489 |
| 856 40 - ELECTRONIC LOCATION AND ACCESS | |
| Uniform Resource Identifier | <a href="http://www.gutenberg.org/ebooks/10489">http://www.gutenberg.org/ebooks/10489</a> |
| 942 ## - ADDED ENTRY ELEMENTS (KOHA) | |
| Koha item type | eBooks |
| Withdrawn status | Lost status | Damaged status | Home library | Current library | Date acquired | Total Checkouts | Date last seen | Price effective from | Koha item type |
|---|---|---|---|---|---|---|---|---|---|
| Project Gutenberg | Project Gutenberg | 08/28/2014 | 08/28/2014 | 08/28/2014 | eBooks |